Prirodzené užívateľské rozhranie

Salvato in:
Dettagli Bibliografici
Autore principale: Dóci, Ondrej (Autore)
Altri autori: Lipková, Michala (Relatore della tesi)
Natura: Manoscritto Libro
Lingua:slovacco
Pubblicazione: Bratislava 2018
Soggetti:
Accesso online:http://is.stuba.sk/zp/portal_zp.pl?podrobnosti=133760
Tags: Aggiungi Tag
Nessun Tag, puoi essere il primo ad aggiungerne!!

MARC

LEADER 00000ntm a22000003a 4500
001 stuzp70662
003 SK-STU
005 20210122121430.4
007 ta
008 150427s2015----xo-----f-mn---000-0-slo-d
040 |a STU  |b slo 
041 0 |a slo 
100 1 |a Dóci, Ondrej  |u 059190  |4 aut  |U FAD Fakulta architektúry  |T FA Ústav dizajnu  |X 77091  |U A9190  |Y 400  |7 A000077091 
242 0 1 |a Natural user interface  |y eng 
245 1 0 |a Prirodzené užívateľské rozhranie 
260 |c 2018  |a Bratislava 
650 4 |a Komunikácia  |2 slo 
650 4 |a Prirodzené užívateľské rozhranie  |2 slo 
650 4 |a Emocionálny dizajn  |2 slo 
650 4 |a Natural user interface  |2 eng 
650 4 |a Communication  |2 eng 
650 4 |a Emotional design  |2 eng 
700 1 |a Lipková, Michala  |u 059190  |k Z1  |4 ths  |U FAD Fakulta architektúry  |T FA Ústav dizajnu  |X 15371  |U A9190  |Y 400  |7 A000015371 
856 4 |u http://is.stuba.sk/zp/portal_zp.pl?podrobnosti=133760  |u https://opac.crzp.sk/?fn=detailBiblioForm&sid=233ADDCA5EB56A100AE93831D49A